Đổi mới quản lý hệ thồng GDDH giai đoạn 2010-2012 /
Đã lưu trong:
| 主要作者: | |
|---|---|
| 其他作者: | |
| 格式: | Luận văn 圖書 |
| 語言: | Vietnamese |
| 出版: |
-H :
Giao duc Viet nam,
2010.
|
| 主題: |
Giao duc
> Giao duc bac Đai hoc
> Chương trinh hanh đong cua bo GD&ĐT đoi mơi quan ly GD dai hoc giai đoan 2010-2012
> Cac van ban,nghi quyet doi voi hoat dong cac trương Đai hoc,Cao đăng
> Nghi quyet cua Quoc hoi,quyet đinh cua bo GD&ĐTve nhưng van đe lien quan đen GD
> Qui che ve đao tao trinh đo va qui che thuc hien doi voi co so GD cua he thong quoc dan
|
| 標簽: |
添加標簽
沒有標簽, 成為第一個標記此記錄!
|
| Thư viện lưu trữ: | Mạng thư viện Đại học Đà Nẵng |
|---|
| LEADER | 01470cam a22003131a 4500 | ||
|---|---|---|---|
| 001 | 000033204 | ||
| 003 | 9348 | ||
| 005 | 20211207091800.0 | ||
| 008 | 151016s2010 000 vie | ||
| 041 | |a VIE | ||
| 082 | |a 378 |b NG-A | ||
| 100 | |a Ngô Trần Ái | ||
| 245 | 0 | |a Đổi mới quản lý hệ thồng GDDH giai đoạn 2010-2012 / |c Ngô Trần Ái. | |
| 260 | |a -H : |b Giao duc Viet nam, |c 2010. | ||
| 300 | |a 25cm : |b 238tr;. | ||
| 502 | |a Bo giao duc va đao tao | ||
| 650 | |a Giao duc |b Giao duc bac Đai hoc |x Chương trinh hanh đong cua bo GD&ĐT đoi mơi quan ly GD dai hoc giai đoan 2010-2012 |x Cac van ban,nghi quyet doi voi hoat dong cac trương Đai hoc,Cao đăng |y Nghi quyet cua Quoc hoi,quyet đinh cua bo GD&ĐTve nhưng van đe lien quan đen GD |z Qui che ve đao tao trinh đo va qui che thuc hien doi voi co so GD cua he thong quoc dan | ||
| 653 | |a Ngô Trần Ái, đổi mới, GD, ĐH, GDDH, 2010-2012giáo dục | ||
| 700 | |a bien tap: |b Ban bien tap sach va kiem định chat lượng | ||
| OWN | |a LNN | ||
| AVA | |a UDN50 |b LNN |d 378 NG-A |e available |t Error 5001 Not defined in file expand_doc_bib_avail. |f 4 |g 0 |h N |i 0 |k 1 | ||
| 999 | |a From the UDN01 | ||
| AVA | |a UDN50 |b LNN |d 378 NG-A |e available |t Error 5001 Not defined in file expand_doc_bib_avail. |f 4 |g 0 |h N |i 0 |k 1 | ||
| TYP | |a Dissertation | ||
| TYP | |a Monograph | ||
| 980 | |a Mạng thư viện Đại học Đà Nẵng | ||